| 000 | 01171cam a2200277 i 4500 | ||
|---|---|---|---|
| 003 | SA-RiAUC | ||
| 005 | 20250715094038.0 | ||
| 008 | 250715s2003 su g 00010 ara c | ||
| 020 | _a9960890015 | ||
| 040 |
_aSA-RiIDS _bara _cSA-RiAUC _erda |
||
| 043 | _aa-su--- | ||
| 082 | 0 | 4 | _a953.121 |
| 090 |
_a953.121 _bز هـ ر |
||
| 100 | 1 |
_aالزهراني، عبد الرحمن علي محمد _eمؤلف. |
|
| 245 | 1 | 0 |
_aكتابات إسلامية من مكة المكرمة 1-7 هـ / 7-13 م / _cعبد الرحمن بن علي الزهراني. |
| 264 | 1 |
_aالرياض : _bمركز الملك فيصل للبحوث والدراسات الإسلامية، _c2003. |
|
| 300 |
_a637 صفحة ؛ _c24 سم. |
||
| 336 |
_aنص _btxt _2rdacontent _3كتاب |
||
| 337 |
_aبدون وسيط _bn _2rdamedia |
||
| 338 |
_aمجلد _bnc _2rdacarrier |
||
| 440 | 0 |
_aرسائل جامعية (مركز الملك فيصل للبحوث والدراسات الإسلامية) _v3 |
|
| 651 | 7 |
_aمكة المكرمة _xآثار إسلامية _2aucsh |
|
| 651 | 7 |
_aمكة المكرمة _xتاريخ _2aucsh |
|
| 942 |
_2ddc _cBOOK _n0 |
||
| 949 |
_aSA-JeALM _d250715 _umohamedma123 _n1 |
||
| 999 |
_c9956 _d9956 |
||